000 00390cam a2200157ua 4500
041 _ahin
_h
082 _a891.54
_bMOH/SA
100 _aGandhi, M K.
245 _aSatya ke prayog adva atmakatha /
_cM K Gandhi.
_hTextual Documents
250 _a11 /
_b.
260 _aNew Delhi :
_bSasta Sahitya Mandir ,
_c1956.
300 _a600 ; .
504 _a
942 _cBK
999 _c8309
_d8309